Disney Character Quotes - Statistics

General Stats
  • This quiz has been taken 178 times
  • The average score is 13 of 30
Answer Stats
Hint Answer % Correct
"Just Keep Swimming." Dory
85%
". I can't stop Andy from growing up. But I wouldn't miss it for the world." Woody
76%
"Dragon, DRAGON, I don't do that tounge thing" Mushu
73%
"Some people are worth melting for." Olaf
71%
"Tale as old as Time." Mrs. Potts
64%
"I've got a person in my closet" Rapunzel
63%
"Beautiful! She's got these eye's that- And this hair, WOW. And her smile" Aladdin
61%
"Hakuna Matata" Timon and Pumba
58%
"The human world.. It's a mess." Sebastian
57%
"Fish are freinds not Food" Bruce
55%
"It's in that pot isn't it?" Eugene Fitzherbert/Flynn Rider
54%
"If I do marry I want it to be for love." Jasmine
50%
"They can't order me to stop dreaming." Cinderella
48%
"I never liked your spinach puffs." Yzma
43%
"Remember always let your conscience be your guide" Jiminy Cricket
41%
"Maleficent doesn't know anything about love, or kindness, or the joy of helping others. You know, sometimes I don't think she's really very happy." Flora
40%
"It doesn't matter, it's in the past." Rafiki
38%
"Um.. You fight Good." Li Shang
37%
"Our fate lives within us. You only have to be brave enough to see it" Princess Merida
37%
"All right, I want to know who's responsible for wrecking my town. I want his hood on a platter. I'm going to put him in jail till he rots. Ooh, check that, I'm going to put him in jail till the jail rots on top of him, then I'm going to move him to a new jail and let that jail rot. I'm...[Sees McQueen]...Throw him out of here, Sheriff. I want him out of my courtroom, I want him out of our town. Case dismissed!" Doc Hudson
32%
"Because I'm a Lady that's why!" Marie
28%
"I never look back, darling. It distracts from the now." Edna "E" Mode
27%
"What a coincidence, Lawrence, I've been avoiding you everywhere." Prince Naveen
27%
"You don't just walk up to a girl, hand her a bouquet and say, 'Hey remember me? We were kids together. Will you marry me?' (chuckling) No. It just isn't done that way" Robin Hood
27%
“If you live to be 100, I hope I live to be 100 minus 1 day, so I never have to live without you" Winnie the Pooh
24%
"No, Bolt, it is real, I was in there just now, I saw her face after you left. She's broken hearted, she doesn't want just any dog, she loves you. She's your person, Bolt, and you are her dog." Mittens
22%
"It can't get any worse, can it? Obviously, it can." Jane
21%
"The greatest gift and honor... is having you for a daughter." Fa Zhou
19%
"Keep your station clear, or I will Kill you." Colette
17%
"Hey, man, if this is torture, chain me to the wall." Tito
16%
No matching quizzes found
Score Distribution
Percent of People with Each Score
Percentile by Number Answered
Your Score History
You have not taken this quiz